| 000 | 00599cab a2200205 4500 | ||
|---|---|---|---|
| 001 | ABS40669 | ||
| 008 | 090401t1989 xxu||||| |||| 00| 0 eng d | ||
| 035 | _a(Sirsi) u25368 | ||
| 041 | _aeng | ||
| 100 | _aCatt, B. | ||
| 245 | _aPack your bags | ||
| 260 | _c1989 | ||
| 350 | _a0 | ||
| 490 |
_aPC User _v(104) 12-25 April 1989, 84-85(2) |
||
| 520 | _aDescribes the software package AutoRoute , a mapping and geographic information system designed to simplify route planning and scheduling. | ||
| 650 | _aCOMPUTERS | ||
| 690 | _aPRACTICE AND TECHNIQUES | ||
| 942 | _n0 | ||
| 948 | _c04/03/1997 | ||
| 999 |
_c17032 _d17032 |
||